| 000 | 00603 a2200181 4500 | ||
|---|---|---|---|
| 999 |
_c4823 _d4823 |
||
| 010 | _aENG-86576 | ||
| 020 |
_a9788124112656 _c295.00 |
||
| 035 | _aEN-70109 | ||
| 037 | _bDBAD / PUB | ||
| 082 | 1 | 4 | _a303.482 |
| 100 | _aJahanbegloo, Ramin | ||
| 245 | 1 |
_aThe clash of intolerances / _cby Ramin Jahanbegloo |
|
| 260 |
_aNew Delhi _bHar-Anand Publications _c2007 |
||
| 270 |
_aE-49/3, Okhla Industrial Area, Phase-II, _bNew Delhi _e110 020 _k41603490 _l011-41708607 _mharanand@rediffmail.com |
||
| 300 |
_a156p _c21cm (Hb) |
||
| 500 | _aIncludes index | ||
| 942 |
_adpl _cEN _2ddc _h303.482 _mJAH |
||